000 00731nam a22002175i 4500
001 168060
003 ES-MaACL
005 20230906213655.0
008 051004s1869 gw | |||||||| ||eng d
040 _aCAM
_bspa
_cCAM
100 1 _aYates, Edmund.
_9133985
245 1 0 _aWrecked in port
_b: a novel /
_cby Edmund Yates.
260 _aLeipzig :
_bBernhard Tauchnitz,
_c1869.
300 _a2 v. (302 ; 312 p.) ;
_c16 cm.
490 1 _aCollection of british authors ;
_v1036 ; 1037
650 7 _aNovela inglesa
_2embne
_9137408
752 _aAlemania -
_dLeipzig
830 0 _aCollection of british authors ;
_v1036 ; 1037
_9180703
852 _aES-MaACL
_jG-11972
_z-- Enc. hol.
_z-- Enc. 2 t. en 1 v.
999 _c168060
_d168060